Προσεγγίσεις στην παιδική λογοτεχνία
Αποθηκεύτηκε σε:
| Κύριος συγγραφέας: | |
|---|---|
| Μορφή: | Βιβλίο |
| Γλώσσα: | Greek |
| Δημοσίευση: |
Αθήνα :
Καστανιώτης,
1995.
|
| Σειρά: | Βασική βιβλιοθήκη του νηπιαγωγού (Καστανιώτης)
|
| Θέματα: | |
| Ετικέτες: |
Προσθήκη ετικέτας
Δεν υπάρχουν, Καταχωρήστε ετικέτα πρώτοι!
|
MARC
| LEADER | 00000cam a2200000 i 4500 | ||
|---|---|---|---|
| 001 | 1/75372 | ||
| 008 | 980625s1995 gr | ||| |||| ||gre|| | ||
| 020 | |a 960031392X | ||
| 035 | |l 10032107 | ||
| 040 | |a GR-MY-UA |b gre |e aacr | ||
| 041 | 0 | |a gre | |
| 082 | 7 | |a 809.89082 |2 (22) | |
| 100 | 1 | |a Καλλέργης, Ηρακλής Ε. | |
| 245 | 1 | 0 | |a Προσεγγίσεις στην παιδική λογοτεχνία / |c Καλλέργης Εμμ. Ηρακλής. |
| 260 | |a Αθήνα : |b Καστανιώτης, |c 1995. | ||
| 300 | |a 280 σ. ; |c 21 εκ. | ||
| 490 | 1 | |a (Βασική βιβλιοθήκη του νηπιαγωγού / Καστανιώτης) | |
| 650 | 0 | 0 | |a Children's literature |x History and criticism. |
| 650 | 0 | 0 | |a Children's literature, Greek (Modern) |x History and criticism. |
| 830 | 0 | |a Βασική βιβλιοθήκη του νηπιαγωγού (Καστανιώτης) | |
| 852 | |a INST |b RHODES |e 19990112 |h 809.89082 ΚΑΛ |p 005400005873 |q 005400005873 |t BK |y 0 | ||
| 852 | |a INST |b RHODES |e 19980625 |h 809.89082 ΚΑΛ |p 005400006193 |q 005400006193 |t BK |y 0 | ||
| 901 | |a BIBL-1998-2 | ||
| 909 | |a Ρ |b 053470 | ||
| 909 | |a Ρ |b 053569 | ||
| 922 | |a 4ΕΛΗ |b 199802 |c ΚΠΣ/Ν | ||
| 970 | |a Οικονομοπούλου |z 2000/06 | ||